| 000 | 00506nam a22001937a 4500 | ||
|---|---|---|---|
| 999 |
_c113859 _d113859 |
||
| 020 | _a1-55860-924-5 | ||
| 041 | _aeng | ||
| 082 |
_223rd. _a025.042 _bLES |
||
| 100 | _aLesk, Michael | ||
| 245 |
_aUnderstanding Digital Libraries _cMichael Lesk |
||
| 250 | _a2nd ed. | ||
| 260 |
_bElsevier _aAmsterdam _c2005 |
||
| 300 |
_axxxi,424p.:ill.; _c25cm. |
||
| 650 | _aDigital libraries | ||
| 650 | _aLibraries--Automation | ||
| 700 | _aLesk, Michael | ||
| 856 | _uwww.books.elsevier.com | ||
| 942 | _cBK | ||